000 00767nam a2200229 i 4500
001 106256
003 ES-MaACL
005 20231222063047.0
007 t|
008 061017s2006 sp ||||1| spa d
080 _a81'373.21(460)
080 _a81'373.21(469)
100 1 _aGarcía Pérez, Guillermo,
_d1942-
_955106
245 1 0 _aRedundancia toponímica (España y Portugal) /
_cGuillermo García Pérez.
260 _a[S.l. :
_bs.n.,
_c2006]
300 _ap. 44-56 :
_bil. ;
_c30 cm.
500 _aEjemplar fotocopiado de un artículo en la revista: Nuevo Milario, nº 2, junio 2006.
650 4 _aToponimia-
_zEspaña.
_917557
650 4 _aToponimia-
_zPortugal.
_917558
852 _aES-MaACL
_j2206-F-41
_bR.138028
999 _c106256
_d106256